000 00314nam a22001337a 4500
008 180904b xxu||||| |||| 00| 0 eng d
020 _a9780077323134
041 _aeng
080 _23 ed
_a311
100 _a55
101 _aSTA
245 _aEssentials Of Business Statistics
_cBowerman.b.l
942 _2udc
_cBK
999 _c47514
_d47514